000
00311nam a2200121Ia 4500
008
190802s9999 xx 000 0 und d
020
_a
13:978-1-4511-9177-6
100
_a
Karen Whalen
245
0
_a
Lippincott Illustrated Review Pharmacology
260
_a
USA
_b
New York
_c
2015
300
_a
664:p
942
_c
BK
999
_c
2384
_d
2384